|
|
|
|
| LEADER |
00688nam a2200193Ia 4500 |
| 001 |
CTU_74142 |
| 008 |
210402s9999 xx 000 0 und d |
| 020 |
|
|
|b 15000
|
| 082 |
|
|
|a 659.1
|
| 082 |
|
|
|b H794
|
| 100 |
|
|
|a Hopkins, Claude C.
|
| 245 |
|
0 |
|a Bí quyết thành công trong hoạt động quảng cáo
|
| 245 |
|
0 |
|c Claude C. Hopkins ; Nguyễn Cảnh Lâm ( dịch )
|
| 260 |
|
|
|a Thành phố Hồ Chí Minh
|
| 260 |
|
|
|b Tổng hợp Thành phố Hồ Chí Minh
|
| 260 |
|
|
|c 2004
|
| 650 |
|
|
|a Advertising, public service,Industrial publicity,Public relations
|
| 904 |
|
|
|i Năm, QHieu
|
| 980 |
|
|
|a Trung tâm Học liệu Trường Đại học Cần Thơ
|